书目信息 |
| 题名: |
学生体育失范行为理论构建和实证研究
|
|
| 作者: | 陈善平 著 | |
| 分册: | ||
| 出版信息: | 西安 西安交通大学出版社 2022.05 |
|
| 页数: | 360页 | |
| 开本: | 24cm | |
| 丛书名: | 人文社科学术前沿研究文库 | |
| 单 册: | ||
| 中图分类: | G803 | |
| 科图分类: | ||
| 主题词: | 青少年--体育道德--研究 | |
| 电子资源: | ||
| ISBN: | 978-7-5693-2167-8 | |
| 000 | 00969nam0 2200253 450 | |
| 001 | 012001001314 | |
| 005 | 20141202135436.0 | |
| 010 | @a978-7-5693-2167-8@dCNY98.00 | |
| 100 | @a20220905d2021 em y0chiy50 ea | |
| 101 | 0 | @achi |
| 102 | @aCN@b610000 | |
| 105 | @ay z 000yy | |
| 106 | @ar | |
| 200 | 1 | @a学生体育失范行为理论构建和实证研究@Axue sheng ti yu shi fan xing wei li lun gou jian he shi zheng yan jiu@f陈善平[等]著 |
| 210 | @a西安@c西安交通大学出版社@d2022.05 | |
| 215 | @a360页@d24cm | |
| 225 | 1 | @a人文社科学术前沿研究文库 |
| 304 | @a著者还有:刘丽萍、张中江、潘秀刚、包静、宋绍鹏 | |
| 330 | @a本书共9章,内容包括:体育失范行为研究评述、学生体育失范行为的质性研究、学生体育失范行为相关测量工具、体育失范行为心理机制实证研究、大学生体育失范行为和心理的影响因素等。 | |
| 606 | 0 | @a青少年@x体育道德@x研究 |
| 690 | @aG803@v5 | |
| 701 | 0 | @a陈善平@Achen shan ping@f(1970~)@4著 |
| 801 | 0 | @aCN@bAHXH@c20221111 |
| 905 | @b1363019-23@dG803@e1998@f5 | |
| 学生体育失范行为理论构建和实证研究/陈善平[等]著.-西安:西安交通大学出版社,2022.05 |
| 360页;24cm.-(人文社科学术前沿研究文库) |
| ISBN 978-7-5693-2167-8:CNY98.00 |
| 本书共9章,内容包括:体育失范行为研究评述、学生体育失范行为的质性研究、学生体育失范行为相关测量工具、体育失范行为心理机制实证研究、大学生体育失范行为和心理的影响因素等。 |
| ● |
| 相关链接 |
|
|
|
|
正题名:学生体育失范行为理论构建和实证研究
索取号:G803/1998
 
预约/预借
| 序号 | 登录号 | 条形码 | 馆藏地/架位号 | 状态 | 备注 |
| 1 | 1363019 | 213630196 | 第一样本阅览室/ [索取号:G803/1998] | 在馆 | |
| 2 | 1363020 | 213630203 | 教育系资料室/ [索取号:G803/1998] | 在馆 | |
| 3 | 1363021 | 213630212 | 教育系资料室/ [索取号:G803/1998] | 在馆 | |
| 4 | 1363022 | 213630221 | 第四借阅区/ [索取号:G803/1998] | 在馆 | |
| 5 | 1363023 | 213630230 | 第四借阅区/ [索取号:G803/1998] | 在馆 |